000 00588nam a2200181Ia 4500
008 090123s9999 xx 000 0 und d
082 _b27692
100 _aदेशपांडे वि.भा.
245 _aनाट्यस्पंदने
250 _a1
260 _bसिग्नेट पब्लिकेशन
_c1996
300 _a144
600 _aदेशपांडे वि.भा.
630 _aनाट्यस्पंदने
700 _aदेशपांडे वि.भा.
730 _aनाट्यस्पंदने
942 _cBOOK
999 _c66050
_d66050